LIBRARY & INFORMATION CENTRE, KCAET, TAVANUR

ONLINE PUBLIC ACCESS CATALOGUE (OPAC)

Smart pest detection for an agricultural field crop based on deep learning / (Record no. 18097)

MARC details
000 -LEADER
fixed length control field 00502nam a22001697a 4500
003 - CONTROL NUMBER IDENTIFIER
control field OSt
082 ## - DEWEY DECIMAL CLASSIFICATION NUMBER
Classification number 631.587
Item number NAV/SM
088 ## - REPORT NUMBER
Report number P 620
100 ## - MAIN ENTRY--AUTHOR NAME
Personal name Navya Mariam Prasad
245 ## - TITLE STATEMENT
Title Smart pest detection for an agricultural field crop based on deep learning /
260 ## - PUBLICATION, DISTRIBUTION, ETC. (IMPRINT)
Place of publication Tavanur :
Name of publisher Department of Irrigation & Drainage Engineering
Year of publication 2024
700 ## - ADDED ENTRY--PERSONAL NAME
Personal name Fathima Hiba K
700 ## - ADDED ENTRY--PERSONAL NAME
Personal name Vishnupriya V
700 ## - ADDED ENTRY--PERSONAL NAME
Personal name Vaishnavi Ajayan V
700 ## - ADDED ENTRY--PERSONAL NAME
Personal name Asha Joseph
942 ## - ADDED ENTRY ELEMENTS (KOHA)
Koha item type Project Report
Holdings
Collection code Home library Current library Full call number Accession Number Koha item type
Reference KAUAET KAUAET 631.587 NAV/SM P 620 Project Report
free website counter